Statistics for Top 100 Footballers since 2017-18 (Last 5 Years)

Click here to take the quiz!

General Stats

  • This quiz has been taken 76 times
  • The average score is 66 of 100

Answer Stats

#NationalityFootballer% Correct
1PortugalCristiano Ronaldo
100%
7EnglandHarry Kane
100%
6BelgiumKevin De Bruyne
100%
5FranceKylian Mbappé
100%
2ArgentinaLionel Messi
100%
4EgyptMohamed Salah
100%
11SenegalSadio Mané
100%
16South KoreaHeung-min Son
98%
14UruguayLuis Suárez
98%
8BrazilNeymar
98%
3PolandRobert Lewandowski
98%
13CroatiaLuka Modrić
97%
17BelgiumRomelu Lukaku
95%
12NetherlandsVirgil van Dijk
95%
34NorwayErling Braut Haaland
92%
23GermanyManuel Neuer
92%
10FranceKarim Benzema
90%
20GabonPierre-Emerick Aubameyang
89%
9FranceN'Golo Kanté
87%
58WalesGareth Bale
85%
15SpainSergio Ramos
85%
32GermanyThomas Müller
85%
48BelgiumEden Hazard
84%
29FranceHugo Lloris
84%
38FrancePaul Pogba
84%
66BrazilThiago Silva
84%
28BelgiumThibaut Courtois
84%
33PortugalBernardo Silva
82%
50DenmarkChristian Eriksen
82%
25ScotlandAndrew Robertson
81%
40ItalyGiorgio Chiellini
81%
27SloveniaJan Oblak
81%
42FranceRaphaël Varane
81%
41AlgeriaRiyad Mahrez
81%
22FranceAntoine Griezmann
79%
37Costa RicaKeylor Navas
79%
24BrazilAlisson
77%
43ArgentinaÁngel Di María
77%
21ArgentinaSergio Agüero
77%
19EnglandTrent Alexander-Arnold
77%
55AustriaDavid Alaba
76%
61ItalyLeonardo Bonucci
76%
39EnglandRaheem Sterling
76%
18GermanyToni Kroos
76%
49PortugalBruno Fernandes
74%
96BosniaEdin Džeko
74%
35BrazilEderson
71%
31GermanyJoshua Kimmich
71%
95EnglandMarcus Rashford
71%
70EnglandPhil Foden
69%
26GermanyMarc-André ter Stegen
66%
68PortugalRúben Dias
66%
47SpainDavid de Gea
65%
44NetherlandsFrenkie de Jong
63%
51ArgentinaPaulo Dybala
63%
57DenmarkKasper Schmeichel
61%
83NetherlandsMatthijs de Ligt
61%
82GermanySerge Gnabry
61%
67SpainSergio Busquets
61%
30BrazilCasemiro
60%
85BrazilMarcelo
60%
46BrazilRoberto Firmino
60%
59ItalyGianluigi Buffon
58%
64CroatiaIvan Rakitić
58%
63EnglandKyle Walker
58%
54ItalyGianluigi Donnarumma
56%
69ItalyCiro Immobile
55%
75GermanyKai Havertz
55%
77ArgentinaLautaro Martínez
55%
65BosniaMiralem Pjanić
55%
36GermanyLeon Goretzka
53%
86EnglandMason Mount
53%
87GermanyMats Hummels
53%
62ItalyMarco Verratti
52%
52BrazilMarquinhos
52%
56PortugalJoão Cancelo
50%
73ItalyJorginho
50%
99GermanyTimo Werner
50%
84BrazilFabinho
48%
74EnglandJadon Sancho
48%
72GermanyMarco Reus
48%
90SenegalKalidou Koulibaly
47%
91GermanyJérôme Boateng
45%
81BelgiumDries Mertens
44%
97FranceKingsley Coman
44%
71SpainThiago Alcântara
42%
45EnglandJamie Vardy
40%
76PortugalJoão Félix
40%
60ItalyLorenzo Insigne
40%
88SpainAymeric Laporte
35%
94PolandWojciech Szczęsny
35%
79SwitzerlandYann Sommer
34%
53SpainIsco
32%
98NetherlandsGeorginio Wijnaldum
31%
100PortugalRui Patrício
29%
80ItalyNicolò Barella
27%
93SerbiaDušan Tadić
19%
89SpainGerard Moreno
16%
92SpainMarcos Llorente
10%
78EnglandJames Ward-Prowse
2%

Score Distribution

Percentile by Number Answered

Percent of People with Each Score

Your Score History

You have not taken this quiz